[Event "Prague Festival Masters 2020"]
[Site "Prague"]
[Date "2020.02.14"]
[Round "3.1"]
[White "Firouzja, Alireza"]
[Black "Harikrishna, Pentala"]
[Result "1-0"]
[WhiteElo "2726"]
[BlackElo "2713"]
[Annotator "TA"]
[PlyCount "79"]
[EventDate "2020.02.12"]
[EventType "tourn"]
[EventCountry "CZE"]
[SourceTitle "playchess.com"]
[Source "ChessBase"]
[SourceQuality "1"]

{[%evp 18,79,21,18,13,12,19,7,26,29,31,27,20,28,73,64,64,66,52,35,31,22,72,59,62,76,77,34,66,43,46,45,86,86,102,96,94,45,126,128,128,102,152,152,146,128,282,291,304,276,299,285,576,570,658,604,653,629,655,648,630,599,679,664]} 1. e4 e5 2. Nf3 Nc6 3. Bb5 a6 4. Ba4 Nf6 5. O-O Be7 6. d3 b5 7. Bb3 d6 8. c3 O-O 9. h3 Na5 10. Bc2 c5 {C55: Two Knights: 4 d3, 4 d4 exd4 5 e5 and Max Lange Attack.} 11. d4 Qc7 12. d5 Nc4 {The position is equal.} 13. b3 Nb6 14. a4 {[#]} c4 $146 ({Predecessor:} 14... bxa4 15. bxa4 Nc4 16. Bd3 Na5 17. Nbd2 c4 18. Bc2 Bd7 19. Ba3 Nb3 20. Bxb3 cxb3 21. Qxb3 {½-½ (104) Manik,M (2407)-Paravyan,D (2531) Pardubice 2017}) 15. axb5 axb5 16. Rxa8 Nxa8 17. bxc4 bxc4 18. Ba3 Nd7 19. Bb4 Nc5 20. Qe2 Nb6 21. Nbd2 f5 22. Rd1 g6 23. Qe3 f4 24. Qe2 Ba6 25. Ra1 Ra8 26. Qf1 Qc8 27. Ra5 {Bxc5 is the strong threat.} Ncd7 (27... Nb3 $1 $14) 28. Qa1 Bb5 29. Nb1 g5 30. Rxa8 Nxa8 31. Qa7 Nc7 $2 {[#]} (31... Qa6 $16 32. Qxa6 Bxa6) 32. Na3 $18 {Black must now prevent Ba5.} Ba6 33. Ba4 {Strongly threatening Bxd7.} Nf6 34. Nxg5 Nfxd5 $2 (34... Qb7 35. Qxb7 {[%mdl 64] Overworked Piece} Bxb7 36. Nxc4 h6 37. Nxd6 Bxd5 38. exd5 hxg5) 35. exd5 {White is clearly winning.} Bxg5 36. Bxd6 {[%mdl 64] [#] Double Attack} Nxd5 37. Bd7 Qb7 38. Be6+ Kg7 39. Bxe5+ Bf6 40. Qd4 {[%mdl 64] Double Attack. Accuracy: White = 88%, Black = 53%.} 1-0

[Event "Prague Festival Masters 2020"]
[Site "Prague"]
[Date "2020.02.14"]
[Round "3.2"]
[White "Navara, David"]
[Black "Anton Guijarro, David"]
[Result "0-1"]
[WhiteElo "2717"]
[BlackElo "2697"]
[Annotator "TA"]
[PlyCount "82"]
[EventDate "2020.02.12"]
[EventType "tourn"]
[EventCountry "CZE"]
[SourceTitle "playchess.com"]
[Source "ChessBase"]
[SourceQuality "1"]

{[%evp 16,82,28,27,31,18,24,16,24,16,23,19,29,19,31,6,17,4,0,0,36,34,75,68,81,25,33,22,46,29,44,33,45,23,62,0,0,0,22,-4,0,-33,0,0,0,-50,0,0,0,-26,-26,-91,-86,-131,-113,-156,-108,-130,-36,-266,-204,-872,-854,-838,-842,-887,-836,-809,-785]} 1. d4 Nf6 2. c4 e6 3. Nc3 d5 4. cxd5 exd5 5. Bg5 Be7 6. e3 c6 7. Bd3 Nbd7 8. Nf3 Ne4 9. Bf4 Ndf6 {D35: Queen's Gambit Declined: Exchange Variation.} 10. Qc2 O-O 11. O-O {[%cal Rc3e4]} Bf5 {The position is equal.} 12. Ne5 g6 13. f3 Nd6 14. Rad1 Bxd3 15. Rxd3 {[#]} a6 $146 ({Predecessor:} 15... Nh5 16. Bh6 Re8 17. e4 Bg5 18. Bxg5 Qxg5 19. f4 Qd8 20. exd5 cxd5 21. Nxd5 Rc8 {1-0 (59) Navara,D (2742)-Hammer,J (2651) Novy Bor 2016}) 16. Kh1 Rc8 17. e4 Nb5 18. Qb3 Kg7 19. a4 Nxc3 20. bxc3 (20. Rxc3 $16 Rc7 21. Ng4) 20... b5 $11 21. Qa2 Nh5 22. Bc1 Nf6 23. axb5 axb5 24. Qd2 Ng8 25. Re3 (25. Qe2 $14) 25... dxe4 26. Rxe4 Qd5 27. Rfe1 Ra8 28. Ng4 Bd6 29. R4e2 Rfd8 30. Bb2 Kf8 31. Ne5 Kg7 32. Bc1 Re8 33. h4 (33. Qb2 $11) 33... f6 $17 34. Ng4 Rxe2 35. Rxe2 Bg3 {Threatens to win with ...Ra1.} 36. Kg1 Qh5 (36... Bxh4 $17 37. Ne3 Qd6) 37. Qe3 $2 {White does not recover from this.} (37. Ne3 $15) 37... Qxh4 {...Ra1 is the strong threat.} 38. Qe6 $2 {[#]} (38. Bb2) 38... Ra1 $1 {Black is clearly winning.} 39. Rc2 h5 40. Ne3 Qh2+ 41. Kf1 {[#]} Rxc1+ $1 {[%mdl 512] Accuracy: White = 56%, Black = 69%.} 0-1

[Event "Prague Festival Masters 2020"]
[Site "Prague"]
[Date "2020.02.14"]
[Round "3.3"]
[White "Duda, Jan-Krzysztof"]
[Black "Shankland, Sam"]
[Result "1/2-1/2"]
[WhiteElo "2755"]
[BlackElo "2683"]
[Annotator "TA"]
[PlyCount "83"]
[EventDate "2020.02.12"]
[EventType "tourn"]
[EventCountry "CZE"]
[SourceTitle "playchess.com"]
[Source "ChessBase"]
[SourceQuality "1"]

{[%evp 12,83,29,18,14,18,18,0,0,0,0,0,0,0,0,0,0,0,8,0,29,2,18,25,35,0,0,-91,5,0,0,0,0,0,0,0,0,0,0,0,0,0,0,-357,-325,-245,0,0,0,0,0,0,0,0,0,0,0,0,0,0,0,0,0,0,0,0,0,0,0,0,0,0,0,0]} 1. e4 c5 2. Nf3 d6 3. d4 cxd4 4. Nxd4 Nf6 5. Nc3 a6 6. h3 e5 7. Nde2 h5 {B90: Sicilian Najdorf: Unusual White 6th moves, 6 Be3 Ng4 and 6 Be3 e5.} 8. Bg5 Be6 9. Bxf6 Qxf6 10. Nd5 Qd8 11. Qd3 Nd7 12. O-O-O g6 13. Kb1 Nc5 14. Qa3 Bg7 {[#]} 15. h4 $146 ({Predecessor:} 15. Nec3 O-O 16. h4 b5 17. f3 f5 18. exf5 gxf5 19. Be2 Rb8 20. b4 e4 21. bxc5 {0-1 (31) Faerber,D (2282)-Gokerkan,C (2413) Karlsruhe 2019}) 15... Rb8 16. Nec3 O-O 17. f3 f5 18. Ne3 b5 {Threatens to win with ...b4.} 19. b4 (19. Ned5 $1 $11 {remains equal.}) 19... Bh6 (19... fxe4 $17 20. Nxe4 Nxe4 21. fxe4 Rf4) 20. Ned5 fxe4 21. bxc5 b4 $1 $36 {[%cal Rb4a3][%mdl 2048] Black fights for an advantage.} 22. Nxb4 a5 {[%mdl 64] Pin} 23. Rxd6 axb4 24. Qa6 $1 bxc3+ 25. Ka1 {[#]} Qxd6 $1 {[%mdl 512]} 26. Qxd6 Bf7 {White must now prevent ...Rfd8.} 27. Be2 $2 {[%mdl 8192] [#]} ({Wrong is} 27. Qxe5 $2 {[#]} Rb2 $1 $19 {[%mdl 512]}) (27. Qc6 $1 $11) 27... Rb2 $1 $19 {[%mdl 512]} 28. Qa6 {And now Bc4 would win.} Rxa2+ $2 (28... Rxc2 $19 {...exf3 is the strong threat.} 29. c6 (29. Bc4 $2 Rxg2 30. Bf1 Rxa2+ 31. Qxa2 Bxa2 $19) 29... Rxa2+ 30. Qxa2 Bxa2 31. Kxa2 c2) 29. Qxa2 $11 {The position is equal.} Bxa2 30. Kxa2 $19 {[%mdl 4096] Endgame KRB-KRB} Rc8 31. fxe4 Rxc5 32. Kb3 Kg7 33. Rh3 Bd2 34. g4 hxg4 35. Bxg4 Rb5+ 36. Kc4 Rb2 37. Bd1 Rb1 38. Rh1 Kh6 39. Kd5 Bf4 40. Kc4 Bd2 41. Kd5 Bf4 42. Kc4 {Accuracy: White = 89%, Black = 91%.} 1/2-1/2

[Event "Prague Festival Masters 2020"]
[Site "Prague"]
[Date "2020.02.14"]
[Round "3.4"]
[White "Vitiugov, Nikita"]
[Black "Grandelius, Nils"]
[Result "1/2-1/2"]
[WhiteElo "2731"]
[BlackElo "2659"]
[Annotator "TA"]
[PlyCount "77"]
[EventDate "2020.02.12"]
[EventType "tourn"]
[EventCountry "CZE"]
[SourceTitle "playchess.com"]
[Source "ChessBase"]
[SourceQuality "1"]

{[%evp 19,77,18,15,0,0,0,0,0,10,6,16,14,7,13,15,7,3,5,12,0,0,0,0,-21,-27,-23,0,-23,-24,-43,-42,-39,-29,-47,-41,-50,-52,-35,-43,-139,0,0,8,8,8,8,8,8,8,8,9,8,8,8,13,0,0,0,0,0]} 1. d4 Nf6 2. Nf3 g6 3. Nbd2 Bg7 4. e4 O-O 5. Bd3 d6 6. O-O Nc6 7. c3 e5 8. dxe5 Nxe5 9. Nxe5 dxe5 10. Nc4 Nh5 11. Re1 {B07: Pirc Defence: Miscellaneous Systems.} Nf4 12. Bf1 Qf6 {[#]} 13. a4 $146 ({Predecessor:} 13. Be3 Rd8 14. Qc2 h5 15. Rad1 Rxd1 16. Rxd1 Bg4 17. f3 Be6 18. Qd2 h4 19. Nxe5 Nxg2 20. Bd4 h3 21. Bxg2 hxg2 22. Qxg2 Rd8 23. Nc6 bxc6 {0-1 (23) Kalegin,E (2482)-Zubov,A (2617) Voronezh 2012}) 13... a5 14. Be3 Rd8 15. Qc2 b6 16. b4 Bb7 17. f3 Ne6 18. Red1 Rxd1 19. Rxd1 axb4 20. cxb4 Nd4 21. Bxd4 exd4 22. Bd3 Qc6 23. b5 Qc5 24. Rb1 Bc8 25. f4 Be6 26. Kh1 Bh6 27. f5 gxf5 28. exf5 Bd5 29. Qe2 {[#]} (29. f6 $15) 29... Kh8 ({But not} 29... Rxa4 $6 30. Qg4+ Kh8 31. Qh4 $11) ({Black should try} 29... f6 $1 $17 30. Nb2 Kh8) 30. Qe5+ $11 {The position is equal.} f6 $132 {[%mdl 2048] Black puts up resistance} 31. Qxf6+ Bg7 32. Qh4 {And now f6 would win.} Bxc4 33. Be4 $1 {[#] Hoping for f6.} Bd5 {...Bxe4 is the strong threat.} 34. f6 {[%csl Ge4][%cal Rh4h7]} Bxe4 35. fxg7+ Kxg7 36. Qxe4 Rd8 37. Qd3 Qe5 38. Rd1 Rd6 39. Kg1 {Accuracy: White = 92%, Black = 96%.} 1/2-1/2

[Event "Prague Festival Masters 2020"]
[Site "Prague"]
[Date "2020.02.14"]
[Round "3.5"]
[White "Vidit, Santosh Gujrathi"]
[Black "Ragger, Markus"]
[Result "1-0"]
[WhiteElo "2721"]
[BlackElo "2670"]
[Annotator "TA"]
[PlyCount "91"]
[EventDate "2020.02.12"]
[EventType "tourn"]
[EventCountry "CZE"]
[SourceTitle "playchess.com"]
[Source "ChessBase"]
[SourceQuality "1"]

{[%evp 25,91,5,6,0,0,-7,20,7,16,20,26,12,13,10,22,11,12,0,42,46,31,41,32,45,57,0,52,52,55,42,44,47,48,41,43,27,25,25,47,24,24,0,8,4,16,16,12,26,46,31,34,34,54,40,98,96,200,200,200,186,212,186,186,186,186,186,725,710]} 1. d4 Nf6 2. c4 g6 3. Nc3 d5 4. cxd5 Nxd5 5. e4 Nxc3 6. bxc3 Bg7 7. Be3 c5 8. Nf3 Qa5 9. Qd2 Nc6 10. Rb1 a6 11. Rc1 cxd4 12. cxd4 Qxd2+ 13. Kxd2 e6 14. Bd3 {D85: Exchange Grünfeld: Unusual White 7th moves and lines with 7 Nf3.} O-O 15. h4 h6 {scores much better than the old 15...Rd8.} 16. Rc5 {The position is equal.} Rd8 {[%cal Rc6d4]} 17. Rb1 {[#]} Bf8 $146 ({Predecessor:} 17... Nxd4 18. Bxd4 Bxd4 19. Nxd4 Rxd4 20. Ke3 Rd8 21. Rb6 Bd7 22. a4 Bxa4 23. Rxb7 a5 {½-½ (35) Kermer,W (2398)-Meyer,F (2130) ICCF email 2018}) 18. Rc4 Bd7 19. Rb6 Be8 20. Rc1 Bg7 21. e5 Bf8 22. Rxb7 Nb4 23. Bc4 Bc6 24. Rc7 Bb5 25. Bb3 (25. Rb1 $14) 25... Nd5 (25... Nd3 $11) 26. Bxd5 $1 $14 Rxd5 27. Rc8 Rd8 28. Rxa8 Rxa8 29. Bf4 Kg7 30. Rc7 Bb4+ 31. Ke3 Rd8 32. g4 Rd7 33. Rc8 a5 34. Bg3 Ba6 35. Rc2 Bb7 36. Ng1 g5 37. f4 gxf4+ 38. Bxf4 Be7 39. h5 Ba6 (39... a4 $14) 40. Nf3 $16 Bb4 (40... Rb7 $16) 41. g5 $18 hxg5 42. Nxg5 Bb7 {[#]} 43. Ne4 $1 Be7 44. Nd6 Bd5 {[#]} 45. h6+ $1 Kg6 $2 (45... Kh7 46. Nxf7 Bh4) 46. Rc1 {Accuracy: White = 97%, Black = 74%.} 1-0

[Event "Prague Festival Masters 2020"]
[Site "Prague"]
[Date "2020.02.15"]
[Round "4.1"]
[White "Ragger, Markus"]
[Black "Navara, David"]
[Result "1/2-1/2"]
[WhiteElo "2670"]
[BlackElo "2717"]
[Annotator "TA"]
[PlyCount "120"]
[EventDate "2020.02.12"]
[EventType "tourn"]
[EventCountry "CZE"]
[SourceTitle "playchess.com"]
[Source "ChessBase"]
[SourceQuality "1"]

{[%evp 14,120,28,6,15,13,7,11,13,6,15,18,25,7,14,5,12,11,9,14,10,18,25,0,13,39,23,0,0,0,0,0,0,0,0,0,0,0,0,0,0,0,0,0,0,0,0,0,0,0,0,0,0,0,0,-8,-8,-31,-31,-31,-31,-31,-31,-31,-31,-31,-31,-31,-31,-31,-31,-31,0,0,0,0,0,0,0,-31,-31,-37,-31,-43,-6,-19,0,0,0,0,0,0,0,0,0,0,0,0,0,0,0,0,0,0,0,0,0,0,0]} 1. e4 e5 2. Nf3 Nc6 3. Bc4 Bc5 4. d3 Nf6 5. O-O O-O 6. c3 d6 7. Re1 {is cutting edge theory.} h6 8. h3 a5 {C54: Giuoco Piano: 4 c3 Nf6, main lines with 5 d4 and 5 d3.} 9. Nbd2 {[%cal Bb1d2,Bd2f1,Bf1g3][%mdl 32]} a4 10. Bb5 Bd7 11. Nf1 Ne7 12. Bxd7 Nxd7 13. Ng3 f5 14. d4 Bb6 15. exf5 Nxf5 16. Nxf5 Rxf5 17. Be3 exd4 18. Bxd4 {[#]} c5 $146 ({Predecessor:} 18... Qf8 19. Qc2 Qf7 20. Nh4 Rg5 21. Rad1 Bxd4 22. cxd4 Nf6 23. Rd3 Rh5 24. g3 Qd7 {½-½ (35) Noble,M (2482)-Holroyd,K (2510) ICCF email 2015}) 19. Be3 Qf6 20. Nd2 d5 21. g4 Re5 {[#] Hoping for ...d4.} 22. Nf3 d4 23. Nxe5 Nxe5 24. f4 dxe3 25. fxe5 Qxe5 {Strongly threatening ...Qg3+.} 26. Qe2 c4 27. Kh1 Kh8 28. Qxc4 Re8 {Threatens to win with ...e2.} (28... Rf8 $5 29. Rf1 $8 Rd8 $11) 29. Qe2 $1 a3 30. bxa3 Ba5 31. Rf1 Bxc3 32. Rad1 Qe4+ 33. Kg1 Bd4 34. Rfe1 Bc5 {White must now prevent ...Rf8.} 35. Rc1 b6 36. a4 Rf8 {( -> ...Rf2)} 37. Rxc5 $1 Rf2 {[%csl Gf2][%cal Re4g2]} 38. Rc8+ Kh7 {[%csl Gf2][%cal Re4g2]} 39. Qxf2 $1 exf2+ {[%mdl 64] [#] Discovered Attack} 40. Kxf2 $15 {[%mdl 4096] Endgame KQ-KRR} Qf4+ 41. Kg2 Qd2+ {[%mdl 1024] Black has compensation.} 42. Kf1 Qd3+ 43. Kg2 Qd5+ 44. Kg3 Qd6+ 45. Kg2 Qd2+ 46. Kf1 Qxa2 {And now ...Qf7+ would win.} 47. Rc3 Qxa4 48. Ree3 Qa2 49. Ke1 {The position is equal.} b5 50. Rb3 Qa1+ 51. Kd2 Qd4+ 52. Kc2 b4 53. Rf3 Qc4+ 54. Kb2 Qe2+ 55. Kb1 Qd1+ 56. Kb2 Qd2+ 57. Kb1 Kg6 58. Rbd3 Qe2 59. Rd6+ Kg5 60. Rd5+ Kg6 {Accuracy: White = 100%, Black = 95%.} 1/2-1/2

[Event "Prague Festival Masters 2020"]
[Site "Prague"]
[Date "2020.02.15"]
[Round "4.2"]
[White "Harikrishna, Pentala"]
[Black "Shankland, Sam"]
[Result "1/2-1/2"]
[WhiteElo "2713"]
[BlackElo "2683"]
[Annotator "TA"]
[PlyCount "95"]
[EventDate "2020.02.12"]
[EventType "tourn"]
[EventCountry "CZE"]
[SourceTitle "playchess.com"]
[Source "ChessBase"]
[SourceQuality "1"]

{[%evp 22,95,-8,-13,0,0,0,0,0,0,0,0,0,0,0,-15,-23,-24,-19,-21,-19,-30,-10,-13,0,0,0,0,0,0,0,0,0,0,0,0,0,0,0,0,0,0,0,0,0,0,0,0,0,0,0,0,0,0,0,0,0,0,0,0,0,0,8,0,0,0,8,8,8,8,8,8,8,8,8,8]} 1. e4 c5 2. Nf3 d6 3. d4 cxd4 4. Nxd4 Nf6 5. Nc3 a6 6. Bc4 e6 7. O-O Be7 8. Bb3 O-O 9. f4 Nc6 10. Kh1 Nxd4 11. Qxd4 b5 12. f5 b4 {B88: Sicilian: Sozin Attack.} 13. Qxb4 d5 14. Qd4 {And now fxe6 would win.} dxe4 15. Qxd8 $1 Rxd8 16. fxe6 Bxe6 17. Bg5 h6 18. Bxf6 Bxf6 19. Bxe6 fxe6 20. Nxe4 Bxb2 21. Rab1 {[#]} Rd4 $146 ({Predecessor:} 21... Bd4) 22. Rfe1 {The position is equal.} Ba3 23. c3 Ra4 24. g3 Rc8 25. Kg2 Rc6 26. Re2 Bd6 27. Rb7 Be5 28. Rb4 Rxb4 29. cxb4 $11 {[%mdl 4096] Endgame KRB-KRN} Bd4 30. Nc5 Bc3 31. Rxe6 Rxe6 32. Nxe6 Bxb4 {KB-KN} 33. Nc7 a5 34. Kf3 Kf7 35. Ke4 Bd6 36. Nb5 Bb8 37. a4 h5 38. Na3 Ke6 39. Nc4 Bc7 40. h3 Bxg3 41. Nxa5 g5 42. Nc6 g4 43. Nd4+ Kd6 44. hxg4 hxg4 45. Nf5+ Kc5 46. Nxg3 {[#] Threatens to win with Ne2.} Kb4 47. Kf4 Kxa4 48. Kxg4 {Accuracy: White = 100%, Black = 100%.} 1/2-1/2

[Event "Prague Festival Masters 2020"]
[Site "Prague"]
[Date "2020.02.15"]
[Round "4.3"]
[White "Firouzja, Alireza"]
[Black "Vitiugov, Nikita"]
[Result "1/2-1/2"]
[WhiteElo "2726"]
[BlackElo "2731"]
[Annotator "TA"]
[PlyCount "89"]
[EventDate "2020.02.12"]
[EventType "tourn"]
[EventCountry "CZE"]
[SourceTitle "playchess.com"]
[Source "ChessBase"]
[SourceQuality "1"]

{[%evp 22,89,13,0,42,18,17,0,0,0,0,0,1,0,0,0,12,-19,-5,-10,-16,0,0,-35,0,-18,-18,-19,-20,-17,0,-21,-12,-33,-17,-90,0,0,249,249,254,250,249,246,1049,1020,758,1045,1060,1025,980,215,347,0,0,0,0,0,0,0,0,0,0,0,0,0,0,0,0,0]} 1. e4 e5 2. Nf3 Nc6 3. Bb5 a6 4. Ba4 Nf6 5. O-O Be7 6. d3 b5 7. Bb3 d6 8. c3 O-O 9. h3 h6 10. a4 Bb7 11. Re1 Re8 12. Nbd2 Bf8 {C92: Closed Ruy Lopez: 9...Be6, Karpov and Flohr-Zaitsev Variations.} 13. Nf1 Na5 14. Bc2 c5 15. Ne3 {[#]} Qd7 $146 ({Predecessor:} 15... g6 16. Bd2 c4 17. axb5 axb5 18. dxc4 bxc4 19. Qb1 Qc7 20. Ng4 Nxg4 21. hxg4 Nb3 22. Rxa8 Rxa8 23. Bxb3 cxb3 {½-½ (53) Reyes Larena,J (2445)-Hebden,M (2455) Vrnjacka Banja 1989}) 16. Nh2 d5 17. axb5 axb5 {[%cal Rd5e4]} 18. Qf3 c4 19. Nhg4 Nxg4 20. Nxg4 {Hoping for Qg3.} dxe4 21. dxe4 Qe6 22. Qg3 Kh8 (22... h5 $5 {[%cal Rh5g4]} 23. Nh6+ Kh7 $15) 23. f4 exf4 24. Bxf4 Nb3 25. Rad1 Rad8 26. e5 Nc5 27. Rxd8 Rxd8 28. Nf6 (28. Be3 $11) 28... gxf6 (28... Qb6 $1 $17 29. Ng4 Nd3+ 30. Be3 Qg6) 29. Qh4 $1 $40 {[%mdl 128] White mounts an attack.} Rd3 $2 (29... Kg8 $11 {and Black stays safe.} 30. Re3 Rd3 $1 {[%mdl 512]} 31. Bxd3 Nxd3 32. exf6 Be4) 30. Bxh6 $18 Bxh6 31. exf6 {[%mdl 64] Discovered Attack} Qxe1+ 32. Qxe1 Ne4 $2 {[#]} (32... Be4 33. b4 (33. Bxd3 cxd3 34. Qh4 Kh7 $11) 33... Be3+ 34. Kf1 Ne6 35. Qh4+ {[%mdl 64] Double Attack} Bh7) 33. Qh4 $1 {[%cal Rh4h6][%mdl 512]} Kh7 34. Qh5 Nd6 35. g4 Bf3 36. Qe5 $2 (36. h4 {And now Kf1 would win.} Bd1 37. Bb1) 36... Bf8 (36... Be4 {keeps fighting.} 37. h4 (37. Bxd3 cxd3 38. Qxd6 d2 $11) 37... Bf8 38. Bxd3 cxd3) 37. Kf2 $2 (37. Bxd3+ $18 cxd3 38. Qd4) 37... Ne4+ $11 {The position is equal.} 38. Kf1 Kg8 39. Qxb5 Rd5 40. Qb8 Rd2 41. Bxe4 $1 Bxe4 42. h4 Bd3+ 43. Kg1 Be4 44. Kf1 Bd3+ 45. Kg1 {Accuracy: White = 78%, Black = 70%.} 1/2-1/2

[Event "Prague Festival Masters 2020"]
[Site "Prague"]
[Date "2020.02.15"]
[Round "4.4"]
[White "Anton Guijarro, David"]
[Black "Duda, Jan-Krzysztof"]
[Result "1/2-1/2"]
[WhiteElo "2697"]
[BlackElo "2755"]
[Annotator "TA"]
[PlyCount "60"]
[EventDate "2020.02.12"]
[EventType "tourn"]
[EventCountry "CZE"]
[SourceTitle "playchess.com"]
[Source "ChessBase"]
[SourceQuality "1"]

{[%evp 9,60,16,16,16,30,26,26,22,47,40,60,33,44,37,47,23,27,9,31,31,31,39,50,0,0,3,4,0,0,0,26,0,4,0,0,0,0,0,0,0,0,0,0,0,0,0,0,0,0,0,0,-4,0]} 1. Nf3 Nf6 2. c4 g6 3. Nc3 d5 4. cxd5 Nxd5 5. h4 Bg7 6. e4 {A16: English Opening: 1...Nf6 with ...d5.} Nxc3 7. dxc3 Qxd1+ 8. Kxd1 {White has an edge.} Bg4 9. Kc2 Nd7 10. Nd4 e5 11. Nb5 Kd8 {[#]} 12. f3 $146 ({Predecessor:} 12. a4 a6 13. Na3 Be6 14. Be3 f5 {½-½ (14) Gauri,S (2364)-Rohan,A (2388) Charlotte 2018}) 12... Be6 13. h5 a6 (13... c6 $5 {[%cal Rc6b5]} 14. Na3 b5 $11) 14. Na3 $1 b5 15. Nb1 c6 16. Be3 Kc7 17. a4 Rhb8 18. Nd2 Bf8 19. Nb3 Nb6 (19... Be7 {is more complex.} 20. Be2 bxa4 21. Na5 Bb3+ 22. Nxb3 axb3+ 23. Kd2 Rd8) 20. axb5 axb5 {[#] ...Bxb3+ is the strong threat.The position is equal.} 21. Rxa8 Rxa8 22. hxg6 hxg6 23. Rh8 Rd8 24. Nc1 Be7 25. Rxd8 Bxd8 26. Nd3 Nd7 27. Nc5 Nxc5 28. Bxc5 Kd7 29. b4 Bh4 30. Bd3 Bg3 {Accuracy: White = 90%, Black = 94%.} 1/2-1/2

[Event "Prague Festival Masters 2020"]
[Site "Prague"]
[Date "2020.02.15"]
[Round "4.5"]
[White "Grandelius, Nils"]
[Black "Vidit, Santosh Gujrathi"]
[Result "1/2-1/2"]
[WhiteElo "2659"]
[BlackElo "2721"]
[Annotator "TA"]
[PlyCount "70"]
[EventDate "2020.02.12"]
[EventType "tourn"]
[EventCountry "CZE"]
[SourceTitle "playchess.com"]
[Source "ChessBase"]
[SourceQuality "1"]

{[%evp 9,70,7,20,0,6,5,2,8,17,10,12,12,8,9,4,0,1,0,1,0,24,21,25,9,13,16,27,18,26,15,35,18,29,11,27,28,35,35,42,34,44,22,44,44,43,44,45,0,0,0,0,0,12,8,8,8,9,0,0,0,0,0,0]} 1. e4 e5 2. Nf3 Nc6 3. Bb5 Nf6 4. d3 Bc5 5. c3 d5 6. exd5 {C65: Ruy Lopez: Berlin Defence (3...Nf6), unusual lines and 4 0-0 Bc5.} Qxd5 {aiming for ...Bxf2+!} 7. Bc4 Qd6 8. Nbd2 Bf5 9. b4 Bb6 10. Ng5 O-O $132 {[%mdl 2048] Black is not holding back} 11. Nde4 Nxe4 12. dxe4 Qxd1+ 13. Kxd1 Bg4+ 14. f3 Bd7 15. a4 h6 16. a5 {[#] Hoping for Nxf7.} hxg5 {[#]} 17. Bxg5 $146 ({Predecessor:} 17. axb6 axb6 18. Rxa8 Rxa8 19. Kc2 Kf8 20. Rd1 Be8 21. Bxg5 f6 22. Be3 Nd8 23. Kb2 {½-½ (34) Begliy,M (2422)-Panitevsky,I (2516) ICCF email 2018}) 17... Bxa5 18. bxa5 b6 19. Bd5 Rac8 20. axb6 cxb6 21. h4 Rfe8 22. Bxc6 Rxc6 23. Rxa7 Be6 24. Ra3 b5 25. Ke2 Rec8 26. Bd2 Rd8 {[#] White must now prevent ...Bc4+.} 27. Rha1 Kh7 {And now ...Bc4+ would win.} 28. Ra8 Bc4+ {The position is equal.} 29. Ke1 Rd3 30. R1a6 Rxa6 31. Rxa6 b4 32. Rc6 bxc3 33. Rxc4 Rxd2 34. g4 $1 Rh2 {Threatens to win with ...c2.} 35. Rxc3 Rxh4 {Accuracy: White = 96%, Black = 100%.} 1/2-1/2

[Event "Prague Festival Masters 2020"]
[Site "Prague"]
[Date "2020.02.16"]
[Round "5.1"]
[White "Shankland, Sam"]
[Black "Anton Guijarro, David"]
[Result "1/2-1/2"]
[WhiteElo "2683"]
[BlackElo "2697"]
[Annotator "TA"]
[PlyCount "96"]
[EventDate "2020.02.12"]
[EventType "tourn"]
[EventCountry "CZE"]
[SourceTitle "playchess.com"]
[Source "ChessBase"]
[SourceQuality "1"]

{[%evp 9,96,0,0,0,17,19,0,20,20,32,21,-12,-20,-59,-31,-57,104,79,81,77,95,95,114,114,119,124,175,168,191,198,183,82,112,94,116,128,131,119,133,127,123,114,95,122,144,106,101,100,191,83,96,80,109,81,79,63,97,91,139,113,123,88,72,89,81,95,92,98,97,91,208,216,206,200,216,123,123,123,123,123,123,123,123,47,44,8,8,0,0]} 1. d4 Nf6 2. Bf4 c5 3. dxc5 Na6 4. f3 e6 5. e4 Bxc5 6. Nc3 {A45: Trompowsky Attack.} d5 7. Qd2 O-O 8. O-O-O {[#]} Bd7 $146 ({Predecessor:} 8... Nc7 9. g4 b5 10. h4 Qe7 11. e5 Nd7 12. Nh3 Nb6 13. Bg5 f6 14. exf6 gxf6 {1-0 (30) Dhulipalla,B (2313)-Lalith,B (2542) New Delhi 2018}) 9. Bxa6 bxa6 10. e5 Ne8 $1 {[#]} 11. Nxd5 $1 {[%mdl 512]} exd5 12. Qxd5 {[%mdl 64] Double Attack} Qb6 $2 (12... Qa5 $1 $15 {stays ahead.} 13. Qxa8 Nd6) 13. Qxd7 Nc7 14. Ne2 Ne6 15. Kb1 $1 Ba3 {[%csl Ga3][%cal Rb6b2] [#]} 16. b3 $1 Qf2 {Hoping for ...Rad8.} 17. Qd3 Rfd8 (17... Qxg2 $16 {might work better.} 18. Rhg1 (18. Qxa6 Rfd8 $16) 18... Qh3) 18. Qe4 $18 ({Don't do} 18. Qxa6 $6 Qxg2 19. Bg3 Bb4 $16) 18... Qxg2 19. Rdg1 Qf2 20. Rf1 (20. Bg3 $18 {has better winning chances.} Qb6 21. Bh4) 20... Qb6 21. Be3 Bc5 22. Bc1 Rac8 23. Rd1 Bf8 24. Bb2 a5 {[%cal Ba6a5,Ba5a4][%mdl 32]} 25. Nc3 Qf2 26. Qe2 Qh4 27. Ne4 a4 28. Nd6 Rb8 (28... Rc7 $16) 29. Qe4 (29. f4 $18 {and White stays clearly on top.}) 29... Qxe4 30. Nxe4 a5 31. Nc3 axb3 32. cxb3 Rdc8 33. Rd5 Rb4 34. Rxa5 Rf4 35. Ne2 Rxf3 36. Nd4 Nxd4 37. Bxd4 h5 38. Rc1 $36 {[%mdl 2048] White is really pushing.} Re8 39. Rb5 Kh7 (39... Rd8 $16 40. Bc5 g5) 40. a4 Rd8 41. Bb6 Rdd3 {[#]} 42. a5 (42. Rc2 $1 $18) 42... Rxb3+ $16 43. Rxb3 Rxb3+ {KRB-KRB} 44. Kc2 Ra3 45. Kb2 {And now Ra1 would win.} Bb4 46. Ra1 (46. Rc7 $16) 46... Rh3 $1 $14 {...Bc3+ is the strong threat.} 47. Ra4 Rxh2+ 48. Kc1 Bxa5 {Accuracy: White = 61%, Black = 73%.} 1/2-1/2